[Event "Poznan op 24th"]
[Site "Poznan"]
[Date "2016.08.08"]
[Round "1"]
[White "Musielak, Sebastian"]
[Black "Kaluzny, Tomasz"]
[Result "0-1"]
[WhiteElo "1319"]
[BlackElo "1843"]
[PlyCount "100"]
[EventDate "2016.08.08"]
[EventType "swiss"]
[EventRounds "9"]
[EventCountry "POL"]
[SourceTitle "CBM 173 Extra"]
[Source "ChessBase"]
[SourceDate "2016.08.29"]
[SourceVersion "1"]
[SourceVersionDate "2016.08.29"]
[SourceQuality "1"]

1. e4 c5 2. d4 cxd4 3. c3 d3 4. Bxd3 Nc6 5. Nf3 d6 6. 0-0 g6 7. Be3 Bg7 8. Nbd2 Nf6 9. h3 0-0 10. Re1 a6 11. a4 Rb8 12. Nd4 Nd7 13. f4 Qc7 14. N4b3 b5 15. axb5 axb5 16. Rc1 Qb7 17. Nd4 b4 18. Nxc6 Qxc6 19. cxb4 Qb7 20. b3 Qxb4 21. Rc4 Qa5 22. Ra4 Qc3 23. Bc4 Nc5 24. Nb1 Qf6 25. Bxc5 dxc5 26. Qf3 Bb7 27. Bd5 Bxd5 28. exd5 Rfd8 29. Rc4 Qb2 30. Qe2 Qxe2 31. Rxe2 Rxb3 32. Nd2 Rb2 33. Kf1 Rxd5 34. Nf3 Rxe2 35. Kxe2 e6 36. Re4 Kf8 37. Nd2 Ke7 38. Nb3 Kd6 39. g4 Kc6 40. Ra4 Rd7 41. Nd2 Kb5 42. Re4 Bc3 43. Nc4 Rd4 44. Rxd4 Bxd4 45. Kd3 f5 46. g5 Bg1 47. Ne3 Bxe3 48. Kxe3 Kc4 49. Kd2 Kd4 50. h4 Ke4 0-1

[Event "Poznan op 23rd"]
[Site "Poznan"]
[Date "2015.08.13"]
[Round "4"]
[White "Kaluzny, Tomasz"]
[Black "Weglarz, Janusz"]
[Result "0-1"]
[WhiteElo "2046"]
[BlackElo "1854"]
[PlyCount "76"]
[EventDate "2015.08.10"]
[EventType "swiss"]
[EventRounds "9"]
[EventCountry "POL"]
[SourceTitle "CBM 167 Extra"]
[Source "ChessBase"]
[SourceDate "2015.09.14"]
[SourceVersion "1"]
[SourceVersionDate "2015.09.14"]
[SourceQuality "1"]

1. c4 g6 2. Nc3 Bg7 3. g3 Nf6 4. Bg2 0-0 5. d3 c5 6. e4 d6 7. Nge2 Nc6 8. 0-0 e5 9. f4 Bg4 10. h3 Bxe2 11. Qxe2 Nd4 12. Qd1 exf4 13. gxf4 Nh5 14. Be3 Rb8 15. Qd2 f5 16. Kh2 Qh4 17. Nd5 fxe4 18. dxe4 Rbe8 19. Bf2 Qd8 20. Be3 Ne6 21. Rad1 Nd4 22. b3 b6 23. Rf2 Qh4 24. Bxd4 Bxd4 25. Rf3 Rxe4 26. Rdf1 Rfe8 27. f5 Re2 28. Qc1 Kg7 29. fxg6 Rxg2+ 30. Kxg2 Re2+ 31. Kh1 Ng3+ 32. Rxg3 Qxg3 33. Rf7+ Kxg6 34. Qb1+ Kxf7 35. Qxh7+ Kf8 36. Qf5+ Kg7 37. Qd7+ Kh6 38. Ne7 Qg2# 0-1

[Event "POL-chT3 Wielkopolskie 1415"]
[Site "Poland"]
[Date "2015.02.01"]
[Round "7.11"]
[White "Kaluzny, Tomasz"]
[Black "Przybylak, Lukasz"]
[Result "1-0"]
[WhiteElo "1922"]
[BlackElo "1875"]
[PlyCount "37"]
[EventDate "2014.11.30"]
[EventType "team-tourn"]
[EventRounds "11"]
[EventCountry "POL"]
[SourceTitle "EXT 2019"]
[Source "ChessBase"]
[SourceDate "2018.10.10"]
[SourceVersion "1"]
[SourceVersionDate "2018.10.10"]
[SourceQuality "1"]

1. c4 e5 2. Nc3 Nc6 3. g3 d6 4. Bg2 Be6 5. d3 Nge7 6. Nf3 f6 7. 0-0 Qd7 8. Re1 Bh3 9. Bh1 Nf5 10. Rb1 h5 11. b4 h4 12. b5 Nd8 13. e4 hxg3 14. fxg3 Ne7 15. Rb2 Qg4 16. Nd5 Kd7 17. Bg2 Bxg2 18. Rxg2 Ne6 19. Nxe5+ 1-0

[Event "POL-chT U19 3rd League Wielkopolska"]
[Site "Wielkopolska"]
[Date "2014.12.30"]
[Round "3.19"]
[White "Kaluzny, Tomasz"]
[Black "Nawrocki, Marek"]
[Result "1/2-1/2"]
[WhiteElo "1767"]
[BlackElo "1534"]
[PlyCount "105"]
[EventDate "2014.01.18"]
[EventType "team-tourn"]
[EventRounds "9"]
[EventCountry "POL"]
[SourceTitle "EXT 2020"]
[Source "ChessBase"]
[SourceDate "2019.10.17"]
[SourceVersion "1"]
[SourceVersionDate "2019.10.17"]
[SourceQuality "1"]
[WhiteTeam "Poznan Politechnika U19"]
[BlackTeam "Gniezno LKS Chrobry U19 II"]
[WhiteTeamCountry "POL"]
[BlackTeamCountry "POL"]

1. c4 Nf6 2. Nc3 c6 3. e4 e5 4. Nf3 Bb4 5. Nxe5 Qe7 6. Nf3 Nxe4 7. Nxe4 f5 8. Be2 fxe4 9. Nd4 0-0 10. 0-0 d5 11. d3 Qe5 12. Nc2 Bd6 13. g3 Bh3 14. Re1 Qf6 15. Be3 Nd7 16. Bf1 exd3 17. Bxh3 dxc2 18. Qxc2 Ne5 19. Red1 Nxc4 20. Bd4 Be5 21. Bxe5 Nxe5 22. Bg2 Rae8 23. Rf1 Nf3+ 24. Bxf3 Qxf3 25. Qa4 a6 26. Qd4 Re4 27. Qb6 Qf7 28. Rae1 Rfe8 29. Rxe4 Rxe4 30. Qd8+ Qe8 31. Qb6 Qe7 32. Qa7 h6 33. Rd1 Re1+ 34. Rxe1 Qxe1+ 35. Kg2 Qb4 36. Qb8+ Kh7 37. Qc8 Qe4+ 38. Kg1 d4 39. Qxb7 d3 40. Qd7 Qe1+ 41. Kg2 Qe4+ 42. Kg1 Qe1+ 43. Kg2 d2 44. Qf5+ Kg8 45. Qc8+ Kf7 46. Qd7+ Kf6 47. Qd6+ Kf7 48. Qd7+ Kf6 49. Qd6+ Kf5 50. Qd5+ Kg6 51. Qd3+ Kf7 52. Qd7+ Kg8 53. Qc8+ 1/2-1/2

[Event "POL-chT3 Wielkopolskie 1415"]
[Site "Poland"]
[Date "2014.12.07"]
[Round "3.21"]
[White "Kaluzny, Tomasz"]
[Black "Banach, Szymon"]
[Result "1-0"]
[WhiteElo "1922"]
[BlackElo "2017"]
[PlyCount "99"]
[EventDate "2014.11.30"]
[EventType "team-tourn"]
[EventRounds "11"]
[EventCountry "POL"]
[SourceTitle "EXT 2019"]
[Source "ChessBase"]
[SourceDate "2018.10.10"]
[SourceVersion "1"]
[SourceVersionDate "2018.10.10"]
[SourceQuality "1"]

1. c4 g6 2. Nc3 Bg7 3. g3 c5 4. Bg2 Nc6 5. e4 d6 6. Nge2 Bg4 7. 0-0 Nf6 8. f3 Be6 9. d3 0-0 10. Nf4 Nd4 11. Be3 Ne8 12. Qd2 Bd7 13. Nfe2 b5 14. Bxd4 cxd4 15. Nxb5 Nc7 16. Nxc7 Qxc7 17. b4 Rfb8 18. b5 Qc5 19. a4 a5 20. Kh1 Qc8 21. Nc1 h5 22. Nb3 h4 23. f4 Qc7 24. Rac1 Kh7 25. Qf2 Bg4 26. gxh4 Rh8 27. c5 dxc5 28. Rxc5 Qa7 29. Rfc1 Qd7 30. Rc6 Bh3 31. Bxh3 Qxh3 32. Qg3 Qd7 33. Nc5 Qe8 34. Qg4 e6 35. h5 gxh5 36. Qxh5+ Kg8 37. Qg4 Rh6 38. e5 Rg6 39. Qf3 Kh7 40. Ne4 Qe7 41. Ng5+ Kg8 42. Rc7 Qf8 43. Qb7 f6 44. Rc8 Rxc8 45. Rxc8 fxg5 46. Rxf8+ Bxf8 47. b6 gxf4 48. Qe4 Rg7 49. b7 f3 50. Qxf3 1-0

[Event "POL-chT U19 2nd League"]
[Site "Szczyrk"]
[Date "2014.08.01"]
[Round "10.109"]
[White "Kaluzny, Tomasz"]
[Black "Chmielarz, Maciej"]
[Result "1-0"]
[WhiteElo "1765"]
[BlackElo "1862"]
[PlyCount "63"]
[EventDate "2014.07.25"]
[EventType "team-swiss"]
[EventRounds "11"]
[EventCountry "POL"]
[SourceTitle "EXT 2015"]
[Source "ChessBase"]
[SourceDate "2014.11.20"]
[SourceVersion "1"]
[SourceVersionDate "2014.11.20"]
[SourceQuality "1"]
[WhiteTeam "Poznan Politechnika U19"]
[BlackTeam "Wielkopolski OTSz Ostrow U19"]
[WhiteTeamCountry "POL"]
[BlackTeamCountry "POL"]

1. c4 c6 2. Nc3 d5 3. d4 e6 4. Bf4 Bd6 5. Bxd6 Qxd6 6. e3 Nf6 7. Nf3 Nbd7 8. Bd3 0-0 9. 0-0 Re8 10. Qc2 h6 11. Rfd1 Qe7 12. h3 e5 13. Nxe5 Nxe5 14. dxe5 Qxe5 15. cxd5 Nxd5 16. Nxd5 cxd5 17. Rac1 Be6 18. b3 a6 19. Qc7 Qg5 20. Qxb7 Bxh3 21. Bf1 Be6 22. Qb4 a5 23. Qd4 Reb8 24. Be2 Rb4 25. Qc5 h5 26. Bf3 h4 27. Rxd5 Qf6 28. Rd6 Rc8 29. Qxc8+ Bxc8 30. Rxf6 gxf6 31. Rxc8+ Kg7 32. Rc4 1-0

[Event "POL-chT U19 2nd League"]
[Site "Szczyrk"]
[Date "2014.07.31"]
[Round "9.103"]
[White "Kaluzny, Tomasz"]
[Black "Rudecki, Bartosz"]
[Result "1-0"]
[WhiteElo "1765"]
[BlackElo "1578"]
[PlyCount "87"]
[EventDate "2014.07.25"]
[EventType "team-swiss"]
[EventRounds "11"]
[EventCountry "POL"]
[SourceTitle "EXT 2015"]
[Source "ChessBase"]
[SourceDate "2014.11.20"]
[SourceVersion "1"]
[SourceVersionDate "2014.11.20"]
[SourceQuality "1"]
[WhiteTeam "Poznan Politechnika U19"]
[BlackTeam "Czestochowa UKS Hetman U19"]
[WhiteTeamCountry "POL"]
[BlackTeamCountry "POL"]

1. c4 Nf6 2. Nc3 g6 3. g3 Bg7 4. Bg2 0-0 5. e4 d6 6. Nge2 e5 7. 0-0 Nc6 8. d3 Nh5 9. Be3 f5 10. Nd5 Be6 11. Qd2 Qd7 12. Rac1 Ne7 13. Bg5 Nc8 14. exf5 Bxf5 15. Ndc3 Bh3 16. Bxb7 Rb8 17. Bg2 Bxg2 18. Kxg2 c6 19. b3 d5 20. Bh6 d4 21. Ne4 Nd6 22. Nxd6 Qxd6 23. Bxg7 Nxg7 24. Rce1 Rf7 25. Ng1 Rbf8 26. Nh3 Ne6 27. Ng5 Nxg5 28. Qxg5 Rf5 29. Qd2 Rf3 30. Re4 R8f5 31. Qe2 Qf6 32. b4 h5 33. a4 g5 34. b5 cxb5 35. axb5 h4 36. c5 h3+ 37. Kg1 Qe7 38. c6 Kg7 39. Rxd4 Qc5 40. Rc4 Qf8 41. c7 Qc8 42. Qe4 Kf7 43. Qd5+ Ke7 44. Rc6 1-0

[Event "POL-chT U19 2nd League"]
[Site "Szczyrk"]
[Date "2014.07.30"]
[Round "8.97"]
[White "Cieslak, Patrycjusz"]
[Black "Kaluzny, Tomasz"]
[Result "1-0"]
[WhiteElo "1824"]
[BlackElo "1765"]
[PlyCount "95"]
[EventDate "2014.07.25"]
[EventType "team-swiss"]
[EventRounds "11"]
[EventCountry "POL"]
[SourceTitle "EXT 2015"]
[Source "ChessBase"]
[SourceDate "2014.11.20"]
[SourceVersion "1"]
[SourceVersionDate "2014.11.20"]
[SourceQuality "1"]
[WhiteTeam "Rybnik MKSz U19 II"]
[BlackTeam "Poznan Politechnika U19"]
[WhiteTeamCountry "POL"]
[BlackTeamCountry "POL"]

1. e4 c5 2. Nf3 Nc6 3. d4 cxd4 4. Nxd4 Nf6 5. Nc3 d6 6. g3 e6 7. Bg2 Be7 8. 0-0 0-0 9. Be3 a6 10. Nxc6 bxc6 11. Na4 d5 12. e5 Nd7 13. f4 Rb8 14. b3 c5 15. g4 Qc7 16. Qe2 Bb7 17. Bd2 Bc6 18. Nb2 c4 19. Rfe1 Rfc8 20. Nd1 cxb3 21. cxb3 Bb5 22. Qf2 Qd8 23. g5 Nc5 24. Nb2 Bd3 25. Rec1 Bf5 26. Be3 Ne4 27. Bxe4 Bxe4 28. Na4 Ba3 29. Rxc8 Rxc8 30. Bc5 Bxc5 31. Nxc5 Bf5 32. b4 Qb6 33. a3 a5 34. Qd4 axb4 35. axb4 Qb5 36. Kf2 g6 37. Ra5 Qc4 38. Qxc4 dxc4 39. Ra3 Rb8 40. Nd7 Rd8 41. Nf6+ Kg7 42. b5 Rb8 43. b6 Be4 44. Nxe4 f6 45. Ra7+ Kf8 46. gxf6 Rxb6 47. Ra8+ Kf7 48. Ng5# 1-0

[Event "POL-chT U19 2nd League"]
[Site "Szczyrk"]
[Date "2014.07.27"]
[Round "4.90"]
[White "Slany, Wiktor"]
[Black "Kaluzny, Tomasz"]
[Result "0-1"]
[WhiteElo "1737"]
[BlackElo "1765"]
[PlyCount "64"]
[EventDate "2014.07.25"]
[EventType "team-swiss"]
[EventRounds "11"]
[EventCountry "POL"]
[SourceTitle "EXT 2015"]
[Source "ChessBase"]
[SourceDate "2014.11.20"]
[SourceVersion "1"]
[SourceVersionDate "2014.11.20"]
[SourceQuality "1"]
[WhiteTeam "Gliwice Carbo U19"]
[BlackTeam "Poznan Politechnika U19"]
[WhiteTeamCountry "POL"]
[BlackTeamCountry "POL"]

1. e4 c5 2. Nf3 Nc6 3. d4 cxd4 4. Nxd4 Nf6 5. Nc3 d6 6. Bc4 e6 7. Be3 a6 8. Bb3 Qc7 9. Qe2 Be7 10. 0-0-0 0-0 11. g4 b5 12. g5 Ne8 13. f4 b4 14. Na4 Na5 15. f5 Nxb3+ 16. axb3 d5 17. f6 Bd6 18. exd5 exd5 19. Nf3 Bf4 20. Nb6 Qxb6 21. Bxf4 Bb7 22. Nd4 a5 23. Be5 a4 24. bxa4 Rxa4 25. Nb3 Nd6 26. Bd4 Qc6 27. fxg7 Rfa8 28. g6 hxg6 29. Rhf1 Ne4 30. Nd2 Ra1+ 31. Nb1 b3 32. c3 Rxb1+ 0-1

[Event "POL-chT U19 2nd League"]
[Site "Szczyrk"]
[Date "2014.07.26"]
[Round "3.97"]
[White "Kaluzny, Tomasz"]
[Black "Bialucha, Sebastian"]
[Result "1-0"]
[WhiteElo "1765"]
[BlackElo "1333"]
[PlyCount "55"]
[EventDate "2014.07.25"]
[EventType "team-swiss"]
[EventRounds "11"]
[EventCountry "POL"]
[SourceTitle "EXT 2015"]
[Source "ChessBase"]
[SourceDate "2014.11.20"]
[SourceVersion "1"]
[SourceVersionDate "2014.11.20"]
[SourceQuality "1"]
[WhiteTeam "Poznan Politechnika U19"]
[BlackTeam "Imielin MKSz Diagonalia U19"]
[WhiteTeamCountry "POL"]
[BlackTeamCountry "POL"]

1. c4 e6 2. Nc3 d5 3. cxd5 exd5 4. d4 Nf6 5. g3 h6 6. Bg2 c6 7. Nf3 Bd6 8. 0-0 0-0 9. a3 Re8 10. b4 a6 11. Qd3 b5 12. Re1 Ne4 13. Nd2 Nxc3 14. Qxc3 Ra7 15. e4 dxe4 16. Nxe4 Rd7 17. Nxd6 Rxe1+ 18. Qxe1 Rxd6 19. Bf4 Re6 20. Qc3 Bb7 21. Rc1 Nd7 22. d5 cxd5 23. Qc7 Qxc7 24. Rxc7 Bc6 25. Bh3 Re1+ 26. Kg2 Nb8 27. Rc8+ Kh7 28. Bxb8 1-0

[Event "POL-chT3 Wielkopolskie 1314"]
[Site "Poland"]
[Date "2013.12.01"]
[Round "2.11"]
[White "Kaluzny, Tomasz"]
[Black "Simon, Marek"]
[Result "0-1"]
[WhiteElo "1778"]
[BlackElo "1805"]
[PlyCount "92"]
[EventDate "2013.10.27"]
[EventType "team-tourn"]
[EventRounds "11"]
[EventCountry "POL"]
[SourceTitle "EXT 2015"]
[Source "ChessBase"]
[SourceDate "2014.11.20"]
[SourceVersion "1"]
[SourceVersionDate "2014.11.20"]
[SourceQuality "1"]
[WhiteTeam "Poznan Politechnika II"]
[BlackTeam "Srem LKS Piast"]
[WhiteTeamCountry "POL"]
[BlackTeamCountry "POL"]

1. c4 c6 2. Nc3 d5 3. cxd5 cxd5 4. d4 Nc6 5. Nf3 Nf6 6. e3 e6 7. Be2 Bd6 8. 0-0 0-0 9. b3 a6 10. Bb2 b5 11. a3 Bb7 12. Na2 Rc8 13. Nc1 Na5 14. Nd3 Qe7 15. b4 Nc4 16. Qb3 Ne4 17. Rfd1 Rc7 18. Nc5 f5 19. Bd3 g5 20. Qc2 g4 21. Ne1 Qh4 22. g3 Qh6 23. Bc1 Bc8 24. Ng2 Ng5 25. Be2 Nf3+ 26. Bxf3 gxf3 27. Ne1 Qh5 28. Rd3 Rf6 29. Qd1 e5 30. Nxf3 e4 31. Nh4 Qg5 32. Rc3 Rh6 33. f4 exf3 34. Nxf3 Qh5 35. Qf1 Rg7 36. Ra2 Rhg6 37. Ne5 Nxe5 38. dxe5 Bxe5 39. Rcc2 Bxg3 40. hxg3 Rxg3+ 41. Rg2 f4 42. Rxg3 Rxg3+ 43. Rg2 Bh3 44. Rxg3+ fxg3 45. Qe1 Qf3 46. Nd3 Qg2# 0-1

[Event "POL-chT U19 3rd League Wielkopolska"]
[Site "Kalisz"]
[Date "2013.02.17"]
[Round "9.19"]
[White "Hoffmann, Kacper"]
[Black "Kaluzny, Tomasz"]
[Result "0-1"]
[WhiteElo "1598"]
[BlackElo "1761"]
[PlyCount "70"]
[EventDate "2013.02.09"]
[EventType "team-tourn"]
[EventRounds "9"]
[EventCountry "POL"]
[SourceTitle "EXT 2019"]
[Source "ChessBase"]
[SourceDate "2018.10.10"]
[SourceVersion "1"]
[SourceVersionDate "2018.10.10"]
[SourceQuality "1"]
[WhiteTeam "Srem LKS Piast U19"]
[BlackTeam "Poznan Politechnika U19"]
[WhiteTeamCountry "POL"]
[BlackTeamCountry "POL"]

1. Nc3 c5 2. d4 cxd4 3. Qxd4 Nc6 4. Qh4 d5 5. Bg5 Bf5 6. 0-0-0 Be6 7. Qa4 h6 8. e4 hxg5 9. exd5 Bd7 10. dxc6 bxc6 11. Nf3 Qc7 12. Nxg5 Nf6 13. Qc4 e6 14. Be2 Rb8 15. Nf3 Qb6 16. Qb3 Qc7 17. Qc4 Bd6 18. h3 Rb4 19. Qd3 Bf4+ 20. Kb1 Qb7 21. b3 0-0 22. h4 c5 23. g3 c4 24. Qd4 cxb3 25. Qd3 bxc2+ 26. Ka1 cxd1Q+ 27. Rxd1 Ba4 28. Nxa4 Rxa4 29. gxf4 Rb8 30. Qd8+ Rxd8 31. Rxd8+ Kh7 32. Ng5+ Kg6 33. h5+ Nxh5 34. Bd3+ f5 35. Rd6 Nxf4 0-1

[Event "Gniezno GOSiR op-A"]
[Site "Gniezno"]
[Date "2012.08.15"]
[Round "8"]
[White "Dzwikowski, Adam"]
[Black "Kaluzny, Tomasz"]
[Result "1-0"]
[WhiteElo "2003"]
[BlackElo "1773"]
[PlyCount "71"]
[EventDate "2012.08.11"]
[EventType "swiss"]
[EventRounds "9"]
[EventCountry "POL"]
[SourceTitle "EXT 2023"]
[Source "ChessBase"]
[SourceDate "2022.10.05"]
[SourceVersion "1"]
[SourceVersionDate "2022.10.05"]
[SourceQuality "1"]

1. g3 d5 2. Bg2 Nf6 3. d3 c6 4. Nd2 Bf5 5. e4 dxe4 6. dxe4 Bg6 7. Qe2 e6 8. Nh3 Be7 9. Nf4 0-0 10. h4 e5 11. Nd3 Qc7 12. h5 Nxh5 13. Rxh5 Bxh5 14. Qxh5 Nd7 15. Nc4 Bd6 16. Be3 b5 17. Nxd6 Qxd6 18. 0-0-0 Rfe8 19. Nc5 Qf6 20. Rxd7 Rf8 21. Qg5 Qxg5 22. Bxg5 a5 23. Be7 Rfe8 24. Bh3 a4 25. Nd3 f6 26. Be6+ Kh8 27. Bf7 Rec8 28. a3 Rab8 29. f4 exf4 30. Nxf4 Ra8 31. Nh5 h6 32. Bg6 Rab8 33. Bxf6 Kg8 34. Rxg7+ Kf8 35. Rh7 Re8 36. Rh8# 1-0

[Event "Gniezno GOSiR op-A"]
[Site "Gniezno"]
[Date "2012.08.14"]
[Round "7"]
[White "Sobczak, Miroslaw"]
[Black "Kaluzny, Tomasz"]
[Result "1-0"]
[WhiteElo "1974"]
[BlackElo "1773"]
[PlyCount "51"]
[EventDate "2012.08.11"]
[EventType "swiss"]
[EventRounds "9"]
[EventCountry "POL"]
[SourceTitle "EXT 2023"]
[Source "ChessBase"]
[SourceDate "2022.10.05"]
[SourceVersion "1"]
[SourceVersionDate "2022.10.05"]
[SourceQuality "1"]

1. e4 c5 2. Nf3 Nc6 3. d4 cxd4 4. Nxd4 Nf6 5. Nc3 d6 6. Bg5 e6 7. Qd2 a6 8. 0-0-0 Bd7 9. f4 b5 10. Bxf6 gxf6 11. Kb1 Qb6 12. Nxc6 Bxc6 13. f5 b4 14. Ne2 Bxe4 15. fxe6 fxe6 16. Qf4 Bd5 17. Qxf6 Rg8 18. Nf4 Be7 19. Nxd5 exd5 20. Qe6 Rg7 21. Be2 a5 22. Rhe1 Qc7 23. Qh6 Rg5 24. Bb5+ Kd8 25. Qf8+ Bxf8 26. Re8# 1-0

[Event "Gniezno GOSiR op-A"]
[Site "Gniezno"]
[Date "2012.08.13"]
[Round "5"]
[White "Kaluzny, Tomasz"]
[Black "Banach, Szymon"]
[Result "1-0"]
[WhiteElo "1773"]
[BlackElo "1759"]
[PlyCount "47"]
[EventDate "2012.08.11"]
[EventType "swiss"]
[EventRounds "9"]
[EventCountry "POL"]
[SourceTitle "EXT 2023"]
[Source "ChessBase"]
[SourceDate "2022.10.05"]
[SourceVersion "1"]
[SourceVersionDate "2022.10.05"]
[SourceQuality "1"]

1. d4 c5 2. e3 e6 3. Nf3 d5 4. c3 Nc6 5. Bd3 Nf6 6. 0-0 Bd6 7. b3 0-0 8. Bb2 Qc7 9. Nbd2 Re8 10. h3 Bd7 11. Rc1 Re7 12. e4 e5 13. exd5 Nxd5 14. Ne4 Nf4 15. dxc5 Bxh3 16. cxd6 Qd7 17. dxe7 Qg4 18. Ne1 Qh4 19. Qf3 Nxe7 20. Qg3 Qh6 21. Qg5 Qe6 22. Nf6+ Kh8 23. Nh5 Nxg2 24. Qxg7# 1-0

[Event "Gniezno GOSiR op-A"]
[Site "Gniezno"]
[Date "2012.08.12"]
[Round "3"]
[White "Snihur, Adam"]
[Black "Kaluzny, Tomasz"]
[Result "0-1"]
[WhiteElo "1610"]
[BlackElo "1773"]
[PlyCount "80"]
[EventDate "2012.08.11"]
[EventType "swiss"]
[EventRounds "9"]
[EventCountry "POL"]
[SourceTitle "EXT 2023"]
[Source "ChessBase"]
[SourceDate "2022.10.05"]
[SourceVersion "1"]
[SourceVersionDate "2022.10.05"]
[SourceQuality "1"]

1. e4 c5 2. Nf3 Nc6 3. d4 cxd4 4. Nxd4 Nf6 5. Nc3 d6 6. Rg1 e6 7. g4 Be7 8. Be3 Nd7 9. Qe2 a6 10. 0-0-0 Qc7 11. g5 b5 12. Qh5 0-0 13. Bd3 Nce5 14. f4 Nxd3+ 15. Rxd3 Nc5 16. Rg3 Nxd3+ 17. cxd3 f6 18. Rh3 Bd8 19. Qxh7+ Kf7 20. Kb1 e5 21. Nd5 Qb7 22. f5 Ke8 23. gxf6 gxf6 24. Nc2 Qxh7 25. Rxh7 Rf7 26. Rh8+ Kd7 27. Bb6 Bb7 28. Rg8 Rc8 29. Bf2 Bxd5 30. exd5 Bc7 31. Rg6 Rh8 32. h4 Rh5 33. Ne3 Bb6 34. Ng4 Bxf2 35. Rxf6 Rxf5 36. Rxf5 Rxf5 37. h5 Bh4 38. h6 Rh5 39. Kc2 Ke7 40. b4 Bg5 0-1

[Event "Gora Sw Anny op 5th"]
[Site "Gora Sw Anny"]
[Date "2012.01.12"]
[Round "2"]
[White "Gruca, Zdzislaw"]
[Black "Kaluzny, Tomasz"]
[Result "0-1"]
[WhiteElo "1924"]
[BlackElo "1671"]
[PlyCount "80"]
[EventDate "2012.01.11"]
[EventType "swiss"]
[EventRounds "9"]
[EventCountry "POL"]
[SourceTitle "CBM 146 Extra"]
[Source "ChessBase"]
[SourceDate "2012.02.29"]
[SourceVersion "1"]
[SourceVersionDate "2012.02.29"]
[SourceQuality "1"]

1. e4 c5 2. Nf3 Nc6 3. d4 cxd4 4. Nxd4 Nf6 5. Nc3 d6 6. Be2 e6 7. 0-0 Be7 8. Kh1 0-0 9. f4 e5 10. Nxc6 bxc6 11. Be3 exf4 12. Bxf4 Qc7 13. Bf3 Bb7 14. Re1 Nd7 15. Qd2 Ne5 16. Bxe5 dxe5 17. Red1 Rfd8 18. Qe3 Qa5 19. a3 Bc5 20. Qe1 Bd4 21. b4 Qb6 22. Rab1 Qa6 23. Rb3 Bc8 24. Be2 Qb7 25. Bc4 Bg4 26. Rd3 Qe7 27. Ne2 Bb6 28. Rxd8+ Rxd8 29. Rd3 Qg5 30. Rxd8+ Bxd8 31. Ng3 Bb6 32. Qf1 Qe7 33. h3 Be6 34. Bxe6 Qxe6 35. Qf5 Qe8 36. Qf3 Qd8 37. Qd3 Qg5 38. Nf5 Qc1+ 39. Kh2 Bg1+ 40. Kh1 Bf2+ 0-1

[Event "Klementowice op 2nd"]
[Site "Klementowice"]
[Date "2011.08.20"]
[Round "9"]
[White "Lankof, Piotr"]
[Black "Kaluzny, Tomasz"]
[Result "1/2-1/2"]
[WhiteElo "1513"]
[BlackElo "1635"]
[PlyCount "59"]
[EventDate "2011.08.14"]
[EventType "swiss"]
[EventRounds "9"]
[EventCountry "POL"]
[SourceTitle "CBM 144 Extra"]
[Source "ChessBase"]
[SourceDate "2011.10.28"]
[SourceVersion "1"]
[SourceVersionDate "2011.10.28"]
[SourceQuality "1"]

1. e4 c5 2. c3 d5 3. exd5 Qxd5 4. d4 Nc6 5. dxc5 Qxc5 6. Be3 Qa5 7. Nf3 Nf6 8. Nbd2 e6 9. Nb3 Qc7 10. Bd3 Be7 11. 0-0 0-0 12. Qc2 h6 13. Rad1 b6 14. Nbd4 Nxd4 15. Bxd4 Bb7 16. Be5 Qc6 17. b4 Rad8 18. b5 Qc8 19. Nd4 Nd7 20. Bh7+ Kh8 21. Bxg7+ Kxg7 22. Nxe6+ fxe6 23. Qg6+ Kh8 24. Qxh6 Nf6 25. Bc2+ Kg8 26. Qg6+ Kh8 27. Rde1 Bc5 28. Re5 Rd5 29. Rxd5 Bxd5 30. Qh6+ 1/2-1/2

[Event "Klementowice op 2nd"]
[Site "Klementowice"]
[Date "2011.08.19"]
[Round "5"]
[White "Flisiak, Piotr"]
[Black "Kaluzny, Tomasz"]
[Result "1/2-1/2"]
[WhiteElo "1737"]
[BlackElo "1635"]
[PlyCount "57"]
[EventDate "2011.08.14"]
[EventType "swiss"]
[EventRounds "9"]
[EventCountry "POL"]
[SourceTitle "CBM 144 Extra"]
[Source "ChessBase"]
[SourceDate "2011.10.28"]
[SourceVersion "1"]
[SourceVersionDate "2011.10.28"]
[SourceQuality "1"]

1. c4 c6 2. Nc3 d5 3. d4 Nf6 4. Nf3 dxc4 5. a4 Bf5 6. Bg5 Nbd7 7. e3 Bg6 8. Bxc4 e6 9. 0-0 Be7 10. Bd3 Bxd3 11. Qxd3 0-0 12. Rfd1 Nd5 13. Bxe7 Qxe7 14. Nxd5 exd5 15. b4 Nf6 16. Rab1 Rfc8 17. Rdc1 h6 18. Nd2 a6 19. Nb3 Ne4 20. Nc5 Nd6 21. Nb3 Rab8 22. Na5 Qd7 23. Rc2 Rc7 24. Rbc1 Rbc8 25. h3 Qe7 26. Qe2 Qd7 27. Qd3 Qe7 28. Qe2 Qd7 29. Qd3 1/2-1/2